| 000 | 01259naa a22003257a 4500 | ||
|---|---|---|---|
| 001 | BR9404696 | ||
| 003 | BR-BrBNA | ||
| 005 | 20250721155503.0 | ||
| 007 | ta | ||
| 008 | 250630b bl.|||m| |||| 00| 0 por d | ||
| 040 |
_aBR-BrBNA _bpor _cBiblioteca Nacional de Agricultura |
||
| 041 | _a(Pt) | ||
| 072 |
_aQ54 _b5240 _b1930 |
||
| 090 | _aQ54 BR9404696 | ||
| 100 | 1 | _aBatista, H.A.M. | |
| 100 | 1 | _aCamarao, A.P. | |
| 100 | 1 | _aLourenco Junior, J. de B. | |
| 100 | 1 | _aSilva, M.E.S. da | |
| 111 | 1 |
_a1. Simposio do Tropico Umido _cBelem, PA (Brazil) _d12-17 Nov 1984 |
|
| 245 | 1 | _aProducao e valor nutritivo do capim canarana-erecta-lisa | |
| 500 | _aAnais do 1. Simposio do Tropico Umido. V. 5 Pastagem e producao animal Belem, PA (Brasil): 1986. p. 131-137 [6 tables; Summaries (En, Pt); 25 ref.] (BR9404696-AMS) | ||
| 773 | 0 |
_tAnais do 1. Simposio do Tropico Umido. V. 5 Pastagem e producao animal _wQ54 BR9404696 _gBelem, PA (Brasil), 1986. p. 131-137 |
|
| 650 | _aOvino | ||
| 650 | _aCapim Canarana | ||
| 650 | _aValor Nutritivo | ||
| 650 | _aComposicao Quimica | ||
| 490 |
_aDocumentos - Centro de Pesquisa Agropecuaria do Tropico Umido (Brazil) _vno. 36 _xISSN 0101-2835 |
||
| 942 |
_cAMS _2AGRIS |
||
| 909 |
_a202506 _bLúcia _c55 _dLúcia Elande |
||
| 999 |
_c336775 _d336775 |
||